000 00525nam a2200193Ia 4500
005 20250508153221.0
008 008 250505s9999 xx 000 0 eng d
037 _aTextual
040 _aFEDL
_beng
_cFEDL
041 _aeng
_2eng
084 _a336, RAM
_qFEDL
100 _aRamanadham V.V.
_9763430
245 0 _aFinances of public enterprises
260 _aBombay, India
_bAsia Publishing House
_c1963
300 _a139p.
650 _aEconomics
942 _cTEXL
_h336, RAM
999 _c1341318
_d1341318